00884cam a2200241 i 4500003000600000005001700006008004100023020001500064040002900079050002200108060002100130245009400151260003900245300003400284336002600318337002800344338002700372500010200399650003300501700002100534700002300555710006400578CaAEU20220127091114.0821015t19801979enka 1 1 0 eng d a0333270142 cALUPE UNIVERSITY COLLEGE 4aRS 122b.U84 1980 0aQV 20.5 U85 198004aThe Use of alternatives in drug research /cedited by Andrew N. Rowan, Carl J. Stratmann. aLondon :bMacmillan,c1980, c1979. axii, 190 p. :bill. ;c23 cm. atextbtxt2rdacontent aunmediatedbn2rdamedia avolumebnc2rdacarrier aBased on a Symposium organised by the Fund for the Replacement of Animals in Medical Experiments. 0aDrugsxResearchvCongresses.1 aRowan, Andrew N.1 aStratmann, Carl J.2 aFund for the Replacement of Animals in Medical Experiments.